000 00634nam a22001817a 4500
005 20260428110349.0
008 260428b |||||||| |||| 00| 0 eng d
020 _a978- 3-031-23439-2
050 _aHD 30.213 .B37 2023
100 _aBASU, AMIT.
245 _aCOMPETITIVE DIGITAL INNOVATION; TRANSFORMING PRODUCTS, PROCESSES AND BUSINESS MODELS TO WIN IN THE DIGITAL ECONOMY.
260 _aSWITZERLAND,
_bPALGRAVE MACMILLAN.
_c2023
300 _aXV,213 P, ILL
500 _aINCLUDES INDEX.
650 _a1. BUSINESS ENTERPRICES- TECHNOLOGICAL INNOVATIONS. 2. STRATEGIC PLANNING.
700 _aMUYLLE STEVE.
942 _2lcc
_cBK
999 _c217057
_d217057